NCAA D1 Basketball Schools by Letter - A - Statistics

General Stats
  • This quiz has been taken 48 times
  • The average score is 14 of 18
Answer Stats
Mascot State College % Correct
Zips Ohio Akron
100%
Crimson Tide Alabama Alabama
100%
Razorbacks Arkansas Arkansas
100%
Wildcats Arizona Arizona
97%
Sun Devils Arizona Arizona State
95%
Tigers Alabama Auburn
89%
Red Wolves Arkansas Arkansas State
87%
Falcons Colorado Air Force
84%
Great Danes New York Albany
82%
Mountaineers North Carolina Appalachian State
82%
Hornets Alabama Alabama State
74%
Black Knights New York Army
74%
Governors Tennessee Austin Peay
66%
Bulldogs Alabama Alabama A&M
63%
Braves Mississippi Alcorn State
58%
Eagles Washington D.C. American
53%
Wildcats Texas Abilene Christian
47%
Golden Lions Arkansas Arkansas-Pine Bluff
47%
No matching quizzes found
Score Distribution
Percent of People with Each Score
Percentile by Number Answered
Your Score History
You have not taken this quiz